| 000 | 01464nam a2200289 a 4500 | ||
|---|---|---|---|
| 008 | 120416s2004 ||||||||||||||||| || u | ||
| 020 | _a0471271543 | ||
| 050 | _aHB 615 Por | ||
| 100 | _aZacharakis, Andrew | ||
| 245 | 1 | 4 |
_aThe portable MBA in enterpreneurship _cedited by, Bygrave D. William |
| 250 | _a3rd ed. | ||
| 260 |
_aNew Jersey _bJohn Wiley and Sons _c2004 |
||
| 300 | _ax, 494p. : ill. | ||
| 350 | _a0.00 | ||
| 490 | _aThe portable MBA series | ||
| 650 | 0 | _aNEW BUSINESS ENTERPRISES | |
| 650 | 0 | _aBUSINESS | |
| 650 | _aSMALL BUSINESS--MANAGEMENT | ||
| 650 | _aVENTURE CAPITAL | ||
| 856 | _uhttp://www.loc.gov/catdir/bios/wiley043/2004271620.html | ||
| 856 | _uhttp://www.loc.gov/catdir/description/wiley041/2004271620.html | ||
| 856 | _uhttp://www.loc.gov/catdir/toc/wiley041/2004271620.html | ||
| 995 |
_aMAIN LIBRARY OPEN ACCESS _D0.00 _e40065 _FCBU-MAIN LIBRARY (Kitwe) _H1 _I20.00 _jHB 615 Por _UAVAILABLE _y40065 _ZMain Library Open Access Collection |
||
| 995 |
_aANNEX COLLECTION (Main Library) _D0.00 _e40066 _FCBU-MAIN LIBRARY (Kitwe) _H2 _I20.00 _jHB 615 Por _M2 _UAVAILABLE _y40066 _ZAnnex Low-Usage Collection |
||
| 995 |
_aMAIN LIBRARY OPEN ACCESS _D0.00 _e736861 _FCBU-MAIN LIBRARY (Kitwe) _H4 _I20.00 _jHB 615 Por _M4 _UAVAILABLE _WNov 8, 2006 _y40043 _ZMain Library Open Access Collection |
||
| 995 |
_aANNEX COLLECTION (Main Library) _D0.00 _e40064 _FCBU-MAIN LIBRARY (Kitwe) _H3 _I20.00 _jHB 615 Por _M3 _UAVAILABLE _y40064 _ZAnnex Low-Usage Collection |
||
| 999 |
_c82068 _d82068 |
||